000 00732nam a2200217Ia 4500
003 GCL
008 140319s9999 xx 000 0 ara d
040 _aGCL /
_cGCL
082 0 4 _aم
_b953.072
_bا م
100 1 _aامارى، ميخائيل
245 1 0 _aالمكتبةالعربية الصقلية: نصوص فى التاريخ والبلدان والتراجم والمراجع /
_cامارى، ميخائيل
260 _a[S.N] :
_bدار صادر ،
_c1857
300 _a928 ص
490 _aماذا اعرف
_v0
650 0 4 _aالتاريخ الاسلامى
650 0 4 _aالتاريخ
650 0 4 _aصقلية
650 0 4 _aالمكتبات
650 0 4 _aالمكتبات الاسلامية
942 _2ddc
_cREF
999 _c59526
_d59526